Ṿaʻadat penim
Saved in:
| Corporate Authors: | , |
|---|---|
| Other Authors: | , , , , , , , , , , , , |
| Format: | |
| Language: | Hebrew |
| Series: | ʻAruts ha-Keneset ;
3588. |
| Subjects: | |
| Tags: |
Add Tag
No Tags, Be the first to tag this record!
|
| LEADER | 01532ngm a22004697a 4500 | ||
|---|---|---|---|
| 001 | 012645136-2 | ||
| 005 | 20110121122919.0 | ||
| 008 | 101130s2006 is heb d | ||
| 035 | 0 | |a ocn698945895 | |
| 035 | |a (IsJeAIW)wb20109019984 | ||
| 040 | |a IsJeAIW |c IsJeAIW | ||
| 245 | 0 | 0 | |6 880-01 |a Ṿaʻadat penim |h [videorecording] |
| 300 | |a 1 videodisc (DVD PAL) (111 min.) : |b col. ; |c 4 3/4 in. | ||
| 490 | 1 | |a ʻAruts ha-Keneset ; |v 3588 | |
| 500 | |a Videorecording of proceedings held on 29.5.2006. | ||
| 610 | 1 | 0 | |a Israel. |b Keneset. |b Ṿaʻadat penim. |
| 651 | 0 | |a Lod (Israel) |x Social conditions. | |
| 651 | 0 | |a Lod (Israel) |x Economic conditions. | |
| 655 | 7 | |a DVD-Video discs |2 lcsh. | |
| 700 | 1 | |a Mag'adlah, Raleb. | |
| 700 | 1 | |a Martsiʼano, Yoram. | |
| 700 | 1 | |a Azulai, Daṿid. | |
| 700 | 1 | |a Amrani, Shuḳi. | |
| 700 | 1 | |a Etam, Efi. | |
| 700 | 1 | |a Fainṭuḳ, Libi. | |
| 700 | 1 | |a Gansburg, Yaʻaḳov. | |
| 700 | 1 | |a Ḥilu, Nadyah. | |
| 700 | 1 | |a Avraham, Ruḥamah. | |
| 700 | 1 | |a Khenin, Dov. | |
| 700 | 1 | |a Ṭaha, Ṿasel. | |
| 700 | 1 | |a Manuʻel, Shaḥar. | |
| 700 | 1 | |a Marom-Shaleṿ, Śarah, |d 1934- | |
| 710 | 2 | |a ʻAruts ha-Keneset. | |
| 710 | 1 | |a Israel. |b Keneset. |b Ṿaʻadat penim. | |
| 752 | |a Israel |d Jerusalem. | ||
| 880 | 0 | 0 | |6 245-01 |a ועדת פנים : |b מצבה הקשה של העיר לוד. |
| 880 | |6 260-00 |a ירושלים : |b ערוץ הכנסת, |c 2006. | ||
| 830 | 0 | |a ʻAruts ha-Keneset ; |v 3588. | |
| 899 | |a 415_560073 | ||
| 988 | |a 20101222 | ||
| 098 | 0 | 6 | |a JDVD 9712 |
| 906 | |0 VEN | ||


